Modern mineral processing flowsheets. (Record no. 164021)
[ view plain ]
| 000 -LEADER | |
|---|---|
| fixed length control field | 00538cam7a220019300 4500 |
| 001 - CONTROL NUMBER | |
| control field | tmp15694099 |
| 003 - CONTROL NUMBER IDENTIFIER | |
| control field | UPRA |
| 005 - DATE AND TIME OF LATEST TRANSACTION | |
| control field | 20190826101755.0 |
| 008 - FIXED-LENGTH DATA ELEMENTS--GENERAL INFORMATION | |
| fixed length control field | 951005s1965 cou eng u |
| 035 ## - SYSTEM CONTROL NUMBER | |
| System control number | (Sirsi) r61264 |
| 035 ## - SYSTEM CONTROL NUMBER | |
| System control number | (UPRA)tmp15694099 |
| 040 ## - CATALOGING SOURCE | |
| Transcribing agency | UPRA |
| 110 2# - MAIN ENTRY--CORPORATE NAME | |
| Corporate name or jurisdiction name as entry element | Denver Equipment Co. |
| Linkage | A20756.1 |
| 245 10 - TITLE STATEMENT | |
| Title | Modern mineral processing flowsheets. |
| 250 ## - EDITION STATEMENT | |
| Edition statement | Appendix to 1st ed. |
| 260 ## - PUBLICATION, DISTRIBUTION, ETC. | |
| Place of publication, distribution, etc. | Denver, CO : |
| Name of publisher, distributor, etc. | Denver Equipment Co.,, |
| Date of publication, distribution, etc. | 1965. |
| 949 ## - LOCAL PROCESSING INFORMATION (OCLC) | |
| a | TN500 |
| w | lcc |
| i | -80741 |
| m | MAIN |
| t | BOOK |
| l | ON-SHELF |
No items available.